000 00572nam a22002177a 4500
003 OSt
005 20140310182942.0
008 130204t xxu||||| |||| 00| 0 eng d
020 _a9789712351280
050 _aDS675.8
_b.P985 2008
082 _aFIL 959.0120924
_bP96 2008
245 _aRizal, the greatest Filipino hero
_cPurino, Anacoreta P.
260 _aManila
_bRex Book Store
_cc2008
300 _a166 p.
_c22 cm.
521 _acollege students
526 _c1210L-1700L
541 _j1
541 _j2
562 _e2
942 _2lcc
_cBK
_kFIL
999 _c17748
_d17748